header

From pens to bytes (Record no. 60006)

MARC details
000 -LEADER
fixed length control field 01379nam a2200325Ia 4500
245 00 - TITLE STATEMENT
Title From pens to bytes
260 ## - PUBLICATION, DISTRIBUTION, ETC. (IMPRINT)
Place of publication Washington, D.C. :
Name of publisher Environmental Law Institute,
Year of publication c1999.
300 ## - PHYSICAL DESCRIPTION
Number of Pages 86 p.
490 1# - SERIES STATEMENT
Series statement Environmental Law Institute research report
500 ## - GENERAL NOTE
General note "ELI Project #981604"--T.p. verso.
650 #0 - SUBJECT ADDED ENTRY--TOPICAL TERM
Topical Term Electronic data interchange
Topical Term Electronic records
856 40 - ELECTRONIC LOCATION AND ACCESS
Uniform Resource Identifier http://site.ebrary.com/lib/rucke/Doc?id=10039977

No items available.

© 2026 Rongo University
Contact us: librarian | system librarian | Rongo university